Optics and spectroscopy/ (Record no. 8427)

MARC details
000 -LEADER
fixed length control field 01166nac a22003375a 4500
003 - CONTROL NUMBER IDENTIFIER
control field EG-ScBUE
005 - DATE AND TIME OF LATEST TRANSACTION
control field 20250615093824.0
008 - FIXED-LENGTH DATA ELEMENTS--GENERAL INFORMATION
fixed length control field 100215r20081997ii a f 000 0 eng dd
020 ## - INTERNATIONAL STANDARD BOOK NUMBER
International Standard Book Number 8121914418
020 ## - INTERNATIONAL STANDARD BOOK NUMBER
International Standard Book Number 9788121914413
040 ## - CATALOGING SOURCE
Original cataloging agency EG-ScBUE
Language of cataloging eng
Description conventions rda
Transcribing agency EG-ScBUE
Modifying agency EG-ScBUE
082 04 - DEWEY DECIMAL CLASSIFICATION NUMBER
Classification number 535.078
Item number MUR
Edition number 22
100 1# - MAIN ENTRY--PERSONAL NAME
Personal name Murugeshan, R.,
Relator term author.
9 (RLIN) 11411
245 10 - TITLE STATEMENT
Title Optics and spectroscopy/
Remainder of title as per UGC model curriculum for B.Sc.(physics)student of all indian universities /
Statement of responsibility, etc R. Murugeshan, Kiruthiga Sivaprasath.
250 ## - EDITION STATEMENT
Edition statement Sixth edition.
250 ## - EDITION STATEMENT
Edition statement Revised edition.
264 #1 - PUBLICATION, DISTRIBUTION, ETC. (IMPRINT)
Place of publication, distribution, etc New Delhi :
Name of publisher, distributor, etc S.Chand & Company LTD,
Date of publication, distribution, etc 2008.
300 ## - PHYSICAL DESCRIPTION
Extent xxii, 473 pages :
Other physical details illustrations ;
Dimensions 20 cm
336 ## - CONTENT TYPE
Source rdacontent
Content type term text
Content type code txt
337 ## - MEDIA TYPE
Media type term unmediated
Source rdamedia
Media type code n
338 ## - CARRIER TYPE
Carrier type term volume
Carrier type code nc
Source rdacarrier
590 ## - LOCAL NOTE (RLIN)
Local note Doha Ragab.<br/>Reviewed by : Wessam
650 #7 - SUBJECT ADDED ENTRY--TOPICAL TERM
Topical term or geographic name as entry element Laser spectroscopy.
9 (RLIN) 11561
Source of heading or term BUEsh
650 #7 - SUBJECT ADDED ENTRY--TOPICAL TERM
Topical term or geographic name as entry element Spectrum analysis.
9 (RLIN) 11413
Source of heading or term BUEsh
650 #7 - SUBJECT ADDED ENTRY--TOPICAL TERM
Topical term or geographic name as entry element Optics.
Source of heading or term BUEsh
651 ## - SUBJECT ADDED ENTRY--GEOGRAPHIC NAME
Source of heading or term BUEsh
653 ## - INDEX TERM--UNCONTROLLED
Arrived date list August2015
655 ## - INDEX TERM--GENRE/FORM
Form subdivision Reading book
700 1# - ADDED ENTRY--PERSONAL NAME
9 (RLIN) 11560
Personal name Sivaprasath, Kiruthiga,
Relator term author.
942 ## - ADDED ENTRY ELEMENTS (KOHA)
Koha item type Book - Borrowing
Source of classification or shelving scheme Dewey Decimal Classification
Holdings
Withdrawn status Lost status Source of classification or shelving scheme Damaged status Not for loan Home library Current library Shelving location Date acquired Source of acquisition Total Checkouts Full call number Barcode Date last seen Date checked out Koha item type Collection code Cost, normal purchase price Serial Enumeration / chronology
    Dewey Decimal Classification     Central Library Central Library First floor 20/08/2015 Purchase 1 535.078 MUR 000010256 15/07/2025 11/01/2009 Book - Borrowing      
    Dewey Decimal Classification     Central Library Central Library First floor 15/02/2010     535.078 MUR 000018380 15/07/2025   NB - Book (Non borrowing) Alahram 58.50 38